000 00599nam a2200217Ia 4500
005 20250505145657.0
008 008 250505s9999 xx 000 0 eng d
037 _aTextbook
040 _aFML
_bhin
_cFML
041 _ahin
_2hin
084 _aD152,1I55;G R2
_qFML
100 _a Shukla, Madhurani
_9754175
245 0 _aAnhad Bajeri
260 _aNew Delhi , India
_bKanishka Pub. Dist.
_c2022
300 _a346p
365 _aINR
_b1250
650 _aMusic
700 _a Shukla, Shambhavi
_9754176
942 _cTB
_hD152,1I55;G R2
999 _c1311377
_d1311377